000 00491nam a2200181Ia 4500
008 240925s9999 xx 000 0 und d
020 _a9789351071792
082 _a515.5 BRO
100 _aBronson, Richard
245 0 _aLinear Algebra: algorithms applications and techniques
250 _a3rd
260 _aKarachi:
_bApkar Pk
_c,2014.
300 _a483p.
_bNA
_fOriginal
500 _aIncludes Index
600 _aHumanities & Natural Science
650 _aMathematics
942 _cBK
999 _c16169
_d16169